Detalles MARC
| 000 -LÍDER |
| Campo fijo de descripción fija |
02612nam a2200397 i 4500 |
| 001 - NÚMERO DE CONTROL |
| Campo de control |
768714001 |
| 003 - IDENTIFICADOR DEL NÚMERO DE CONTROL |
| Campo de control |
CO-MdFUSB |
| 005 - FECHA Y HORA DE LA ULTIMA TRANSACCIÓN |
| control field |
20230915093849.0 |
| 007 - CAMPO FIJO DE DESCRIPCIÓN FIJA--INFORMACIÓN GENERAL |
| Campo fijo de descripción fija |
ca aa aaaaa |
| 008 - ELEMENTOS DE LONGITUD FIJA -- INFORMACIÓN GENERAL |
| Campo fijo de descripción fija -- Información general |
230915t2019 mx ||||| |||| 00| 0 spa d |
| 020 ## - NÚMERO INTERNACIONAL NORMALIZADO PARA LIBROS |
| Número Internacional Normalizado del libro |
9786078528967 |
| 020 ## - NÚMERO INTERNACIONAL NORMALIZADO PARA LIBROS |
| Número Internacional Normalizado del libro |
9786078528974 |
| 040 ## - FUENTE DE CATALOGACIÓN |
| Agencia de catalogación original |
CO-MdFUSB |
| Idioma de catalogación |
spa |
| Agencia que realiza la transcripción |
CO-MdFUSB |
| Agencia que realiza la modificación |
CO-MdFUSBC |
| Convenciones de la descripción |
rda |
| 041 ## - CÓDIGO DE IDIOMA |
| Código de idioma para texto/pista de sonido o título separado |
spa |
| 082 ## - NÚMERO DE CLASIFICACIÓN DECIMAL DEWEY |
| Número de la edición del Dewey |
23 |
| Número de clasificación |
241.68 |
| 100 1# - ASIENTO PRINCIPAL--NOMBRE PERSONAL |
| Nombre personal |
Pikaza, Xabier, |
| Fechas asociadas con el nombre |
1941- |
| Término relacionador |
autor |
| 245 13 - TÍTULO |
| Título del Material |
El dinero en la Biblia : |
| Parte restante del título - Subtitulo |
Dios y mammón, dominación y poder en la iglesia |
| Mención de responsabilidad, etc. |
/ Xabier Pikaza |
| Medio físico |
[electrónico] |
| 250 ## - MENCIÓN DE EDICIÓN |
| Mención de edición |
primera edición |
| 264 #1 - PRODUCCIÓN, PUBLICACIÓN, DISTRIBUCIÓN, MANUFACTURA, Y COPYRIGHT |
| Lugar de producción, publicación, distribución, manufactura |
Guadalajara, México : |
| Nombre del productor, publicador, distribuidor |
ITESO, |
| Fecha de producción, publicación, distribución, manufactura, o copyright |
[2019] |
| 264 #4 - PRODUCCIÓN, PUBLICACIÓN, DISTRIBUCIÓN, MANUFACTURA, Y COPYRIGHT |
| Fecha de producción, publicación, distribución, manufactura, o copyright |
© 2019 |
| 300 ## - DESCRIPCIÓN FÍSICA |
| Extensión |
220 páginas |
| Dimensiones |
; |
| 336 ## - TIPO DE CONTENIDO |
| Fuente |
rdacontent |
| Término de tipo de contenido |
texto |
| Código de tipo de contenido |
txt |
| 337 ## - TIPO DE MEDIO |
| Fuente |
rdamedia |
| Nombre del tipo de medio |
informático |
| Código del tipo de medio |
c |
| 338 ## - TIPO DE SOPORTE |
| Fuente |
rdacarrier |
| Nombre del tipo de soporte |
remoto |
| Código Tipo de soporte |
cr |
| 505 ## - NOTA DE CONTENIDO |
| Nota de contenido con formato preestablecido |
Principios. Riqueza y riesgo del dinero. -- Temas de Evangelio. -- En el entorno de la muerte de Jesús. -- Dinero de Iglesia |
| 506 ## - NOTA DE RESTRICCIONES DE ACCESO |
| Condiciones de acceso |
Solicitar clave y usuario para acceder al libro electrónico. |
| 520 ## - NOTA DE RESUMEN, ETC. |
| Nota de sumario, etc. |
“Este es un libro escrito con pasión para criticar, desde la Biblia, el proyecto monetario capitalista que, en su línea actual, puede llevarnos a la destrucción de la vida en el planeta Tierra”, advierte Xabier Pikaza. En un tono dialogal, el autor ofrece una visión del dinero en el Nuevo Testamento y en el contexto de la iglesia primitiva, destacando el mensaje de Cristo contra Mammón (la avaricia y el deseo de riqueza). Pero no se queda ahí, ya que también resalta el riesgo de la vinculación del dinero con el poder, en un tiempo, inicios del siglo XXI, en el que parecemos condenados a la esclavitud del gran capital y a las mafias vinculadas a él. La reflexión de Pikaza recuerda que el dinero sirve si está al servicio de la vida, si ayuda para vivir en solidaridad y la asistencia mutua. En resumen, es un alegato contra la idolatría del capital porque los hombres están hechos para servir a Dios, no al dinero, abriendo así un modelo y camino de trasformación económica de la sociedad, desde el Nuevo Testamento, en perspectiva de gracia y comunión de vida. |
| 650 #0 - ASIENTO SECUNDARIO DE MATERIA - TERMINO TEMÁTICO |
| 9 (RLIN) |
153 |
| Término temático o nombre geográfico como elemento de entrada |
Historia de la Iglesia |
| 650 #0 - ASIENTO SECUNDARIO DE MATERIA - TERMINO TEMÁTICO |
| 9 (RLIN) |
1177 |
| Término temático o nombre geográfico como elemento de entrada |
Iglesia y problemas sociales |
| 653 ## - TÉRMINO DE INDIZACIÓN - NO CONTROLADO |
| Término no controlado |
Dinero |
| 856 ## - LOCALIZACIÓN Y ACCESO ELECTRÓNICOS |
| Numero de Acceso |
1843551 |
| Identificador Uniforme del Recurso |
<a href="http://search.ebscohost.com/login.aspx?direct=true&scope=site&db=nlebk&db=nlabk&AN=1843551">http://search.ebscohost.com/login.aspx?direct=true&scope=site&db=nlebk&db=nlabk&AN=1843551</a> |
| Nota dirigida al público |
<a href="Abrir Versión electrónica del libro El dinero en la Biblia : Dios y mammón, dominación y poder en la iglesia">Abrir Versión electrónica del libro El dinero en la Biblia : Dios y mammón, dominación y poder en la iglesia</a> |
| 942 ## - TIPO DE MATERIAL (KOHA) |
| Tipo de Item KOHA |
Libros General |
| 945 ## - INFORMACIÓN LOCAL DEL REGISTRO |
| Catalogador |
JTF-925 |